000 00494nam a2200181 4500
001 117471
003 ES-MaACL
005 20250607063027.0
007 t|
008 070214s1969 sp r ||||1| spa d
100 1 _aPániker, Salvador,
_d1927-
_988794
245 1 4 _aLos signos y las cosas /
_cSalvador Paniker.
250 _a1ª ed.
260 _aBarcelona :
_bKairós,
_c1969.
300 _a233 p. ;
_c21 cm.
852 _aES-MaACL
_jC-35958
_bR.69356
999 _c117471
_d117471